000 00330nam a2200133 i 4500
001 bg
100 1 _aKOWALSKI, Stefan
245 0 _aWspółrzędne normalne i warunki brzegowe... /
_cStefan Kowalski.
260 _aWarszawa,
_c1980.
040 _cBPK
041 _apol
942 _cKS
008 s pl f |000 0 pol
999 _c20846
_d20846
856 _uhttp://koha.tu.koszalin.pl/cgi-bin/koha/opac-detail.pl?biblionumber=20846
_yKatalog online BPK